000 00816cem a22002055a 4500
001 L140330
008 070918s1886 xxk a 0 eng u
035 _a(Sirsi) u140330
041 0 _aeng
110 2 _aEdward Easton & Co.
245 0 0 _aWestminster (Parliament Street) Improvements
_bplans and sections
_h[cartographic material]
255 _aHorizontal scale 1:360, vertical scale 1:120
260 _aLondon
_bE. W. Catling
_c1886-7
300 _a3 maps and title page
_bbound
_c76 x 101 cm., folded to 76 x 52 cm.
500 _aPlans shoe Great George Street and the area immediately to the north. Plans are in a fragile condition with many tears.
651 4 _aLondon
690 _aENVIRONMENTAL AND LAND CONSULTANCY-GEOMATICS-MAPPING AND POSITIONING-CARTOGRAPHY
700 1 _aGreen, W. J.
942 _n0
999 _c116839
_d116839